000 00352nam a2200145Ia 4500
008 221030s9999 xx 000 0 und d
020 _a9788120353480
041 _aEnglish
100 _aS. L. Gupta
245 0 _aFinancial Derivatives
_cby S. L. Gupta
260 _bPHI Learning
_aDelhi
_c2022
300 _a862
650 _aManagement
942 _cBK
999 _c19119
_d19119